000 00759nam a2200217Ii 4500
003 JO-AjNU
008 230605s9999||||xx |||||||||||||| ||und||
020 _a978-614-438-019-2
040 _aJO-AjNU
_bara
_erda
_cJO-AjNU
041 _aara
050 1 4 _aPJ7852.U2.A16.2021
100 3 _aنعيمة، مخائيل,
_eauthor
_961690
245 0 0 _aالنور والديجور: مقالات ومحاضرات وإذاعيات
250 _aالطبعة العاشرة
264 3 1 _aبيروت: هاتشيت انطوان ش.م.ل، 2021
300 _a224ص
336 _atext
_btxt
_2rdacontent
337 _aunmediated
_bn
_2rdamedia
338 _avolume
_bnc
_2rdacarrier
650 4 _aالادب العربي-لبنان-مقالات ومحاصرات
_961691
999 _aA27898
_c31466
_d31466